Name the characters in the Lorien Legacies Quiz Stats

 Plays Quiz not verified by Sporcle

Challenge
Share
Tweet
Embed
Score 0/110 Timer 12:00
0 Plays Today
Hint Name % Correct
Last GardeJohn Smith
95.4%
Last GardeElla
88.2%
Last GardeMarina
88%
Other Main CharactersSam Goode
86.8%
Last CêpanHenri
86.1%
Other Main CharactersSarah Hart
85.6%
Other Main CharactersMark James
83.3%
Other Main CharactersAdamus Sutekh
82.9%
Chimæra & Earth AnimalsBernie Kosar
82.8%
Other Main CharactersPittacus Lore
80.2%
Other Main CharactersSetrákus Ra
73.7%
Last CêpanCrayton
72.9%
Chimæra & Earth AnimalsStanley
72.9%
Last CêpanAdelina
72.4%
Other Main CharactersMalcolm Goode
72.4%
Last CêpanSandor
71.7%
Last CêpanKatarina
70.7%
Last GardeStanley Worthington
70.1%
Last GardeOne
69.4%
Last GardeVishnu
67.7%
Last GardeMaren Elizabeth
65.5%
Humans (cont'd)Héctor Ricardo
62.2%
Last CêpanRey
61.1%
Chimæra & Earth AnimalsOlivia
58.3%
Chimæra & Earth AnimalsDust
57.8%
HumansSpecial Agent Karen Walker
56.4%
HumansEmily Knapp
54.6%
Last GardeHannu
54.5%
Last CêpanReynolds
52.3%
Last GardeCody
51.7%
Last GardeMaggie Hoyle
48.8%
Last CêpanHilde
48.7%
Last CêpanUnnamed Cêpan
48.2%
Humans (cont'd)Daniela Morales
47.5%
Other CêpanLexa
47%
Last CêpanConrad Hoyle
46.8%
Chimæra & Earth AnimalsLegacy
46.3%
Hint Name % Correct
Chimæra & Earth AnimalsBiscuit
43.8%
MogadoriansIvanick Shu-Ra
42.8%
Chimæra & Earth AnimalsBandit
42.4%
HumansAgent David Purdy
41.9%
MogadoriansKelly Sutekh
41.6%
Other GardeLara
41.3%
Humans (cont'd)La Gorda
40.5%
Humans (cont'd)Lola
39.8%
HumansAnnie Hart
39.7%
Humans (cont'd)Sister Dora
39.7%
Humans (cont'd)Maddy
39.5%
HumansPatricia Goode
39.1%
Other GardeLiren
38.6%
Chimæra & Earth AnimalsRegal
38.3%
Chimæra & Earth AnimalsGamera
37.9%
HumansEmma
36.7%
HumansEthan
36.7%
MogadoriansRexicus Saturnus
36.4%
Other GardeLoridas
36.2%
HumansBud Sanderson
36.2%
MogadoriansAndrakkus Sutekh
35.9%
HumansWade
35%
HumansKevin
34.2%
Humans (cont'd)Commander Grahish Sharma
34.2%
Humans (cont'd)Carlotta Ricardo
32.6%
HumansTara
32.4%
Humans (cont'd)Sister Lucia
32.3%
MogadoriansSusannah Sutekh
31.5%
Other GardeRaylan
31.3%
Chimæra & Earth AnimalsAbby
31.2%
Other CêpanZophie
30.9%
Chimæra & Earth AnimalsDozer
30.9%
Other GardeDevektra
30.7%
MogadoriansDoctor Lockam Anu
30.1%
HumansMr. Harris
29.4%
Humans (cont'd)Ashley
29.3%
Other GardeLyn
29%
Hint Name % Correct
Humans (cont'd)Bertrand
28.3%
Humans (cont'd)Dale
27.8%
MogadoriansPhili Dun-Ra
27.6%
Other CêpanJanus
27.3%
Humans (cont'd)Gabriella García
27.1%
HumansAgent Noto
27%
Other CêpanDaxin
26.8%
Humans (cont'd)Bonita
26.3%
Other GardeZane
25.9%
HumansAlex Davis
25.1%
HumansMarcus
24.9%
Other GardeArun
23.6%
MogadoriansBolog Shu-Ra
23.5%
Humans (cont'd)Delfina
23%
Humans (cont'd)Mike
22.8%
HumansTodd Charleston
21.8%
Other CêpanCelwe
21.4%
Humans (cont'd)Father Marco
20.9%
MogadoriansDoctor Zakos
20.8%
Other CêpanTeev
20%
Other CêpanJulianne
19.8%
Other CêpanPaxton
18.9%
Other GardeErina
18.4%
Other CêpanRapp
17.5%
Other CêpanParrwyn
15.6%
MogadoriansSerkova
15.4%
MogadoriansArsis
15%
Other CêpanDalus
14.4%
Other CêpanProfessor Endym
13.9%
Other GardeSamil
13.7%
Other CêpanRax
13.5%
Other GardeKloutus
13.4%
Other CêpanPrincipal Osaria
12.4%
Other CêpanVatan
12%
Other CêpanProfessor Orkun
11.7%
Other CêpanAdar
9.4%

You're not logged in!

Compare scores with friends on all Sporcle quizzes.
Join for Free
OR
Log In

You Might Also Like...

Show Comments

Extras

Top Quizzes Today


Score Distribution

Your Account Isn't Verified!

In order to create a playlist on Sporcle, you need to verify the email address you used during registration. Go to your Sporcle Settings to finish the process.

Report this User

Report this user for behavior that violates our Community Guidelines.

Details: